A ponte para o sempre / (Record no. 40)

MARC details
000 -LÍDER
campo de controle de tamanho fixo 01846nam a2200325 4500
001 - NÚMERO DE CONTROLE
campo de controle 40
003 - IDENTIFICADOR DO NÚMERO DE CONTROLE
campo de controle OSt
005 - DATA E HORÁRIO DA ÚLTIMA TRANSAÇÃO
campo de controle 20250528074010.0
008 - CAMPO DE DADOS FIXOS--INFORMAÇÃO GERAL
campo de controle de tamanho fixo 250122b |||||||g |||| 00| 1 eng d
020 ## - ISBN - INTERNATIONAL STANDARD BOOK NUMBER
ISBN - International Standard Book Number 8501026271
040 ## - FONTE DA CATALOGAÇÃO
Idioma da catalogação por
041 ## - CÓDIGO DE IDIOMA
Código do idioma do original e/ou traduções intermediárias do texto eng
Código do idioma do texto/trilha sonora ou título diferente por
082 ## - CDD - CLASSIFICAÇÃO DECIMAL DE DEWEY
Número de Classificação 813
Número do exemplar B118po
100 1# - ENTRADA PRINCIPAL--NOME PESSOAL
Nome pessoal Bach, Richard,
Datas associadas ao nome 1936-
9 (RLIN) 99
240 ## - TÍTULO UNIFORME
Título uniforme The bridge across forever
245 ## - TÍTULO
Título A ponte para o sempre /
Indicação de responsabilidade, etc. Bach, Richard ; Tradução de A. B. Pinheiros de Lemos
250 ## - EDIÇÃO
Declaração de edição 21° dição
260 ## - PUBLICAÇÃO, DISTRIBUIÇÃO, ETC.
Local de publicação, distribuição, etc. Rio de Janeiro
Nome do editor, distribuidor, etc. Record
Data da publicação, distribuição, etc. 2002
300 ## - DESCRIÇÃO FÍSICA
Extensão 320 p.
520 ## - NOTA DE RESUMO, ETC.
Resumo, etc. Mais de um ano na lista de best-sellers do New York Times! O clássico atemporal e edificante de Richard Bach sobre esperança e amor "Nós somos a ponte para sempre, arqueando-se sobre o mar, aventurando-nos para nosso prazer, vivendo mistérios pela diversão, escolhendo desastres, triunfos, desafios, probabilidades impossíveis, testando a nós mesmos repetidamente, aprendendo amor e amor e amor!" "O oposto da solidão, não é união. É intimidade." "Olhe no espelho e uma coisa é que o que vemos não é quem somos." "Depois de Deus, amor é a palavra mais mutilada em todas as línguas. A mais alta forma de consideração entre duas pessoas é a amizade, e quando o amor entra, a amizade morre." "Não há erros. Os eventos que trazemos sobre nós mesmos, não importa o quão desagradáveis, são necessários para aprender o que precisamos aprender; quaisquer passos que tomemos, eles são necessários para alcançar os lugares que escolhemos ir."
650 #0 - ASSUNTO--TERMO TÓPICO
Cabeçalho tópico ou nome geográfico Literatura Americana
9 (RLIN) 84
650 #0 - ASSUNTO--TERMO TÓPICO
Cabeçalho tópico ou nome geográfico Espiritualidade
9 (RLIN) 16
650 #0 - ASSUNTO--TERMO TÓPICO
Cabeçalho tópico ou nome geográfico Amor e Paixão
9 (RLIN) 25
650 #0 - ASSUNTO--TERMO TÓPICO
Cabeçalho tópico ou nome geográfico Grandes Amizades
9 (RLIN) 28
650 #0 - ASSUNTO--TERMO TÓPICO
Cabeçalho tópico ou nome geográfico Auto Conhecimento
9 (RLIN) 19
655 #0 - TERMO DE ÍNDICE--GÊNERO E FORMA
Gênero/forma/ou termo foco Romance
655 #0 - TERMO DE ÍNDICE--GÊNERO E FORMA
Gênero/forma/ou termo foco Ficção
700 ## - ENTRADA ADICIONADA - NOME PESSOAL
Nome pessoal A. B. Pinheiro de Lemos
Função do autor por extenso Tradutor
9 (RLIN) 109
942 ## - ELEMENTOS DE ENTRADA ADICIONADOS (KOHA)
Fonte de classificação ou esquema de arquivamento Classificação decimal de Dewey
Ocultar no OPAC Não
Tipo de material Koha Livros
Holdings
Situação do descarte Situação das perdas Fonte de classificação ou esquema de arquivamento Status danificado Não pode ser emprestado Coleção Biblioteca de origem Biblioteca atual Localização na estante Data de aquisição Fonte de aquisição Total de empréstimos Número de chamada completo Código de barras Data de último acesso Data do preço efetivo Tipo de material Koha
    Classificação decimal de Dewey     Ficção Biblioteca Professor Eduardo Afonso de Castro Biblioteca Professor Eduardo Afonso de Castro Literatura Estrangeira 19.06.2007 doação   813 / B118po 2025-13196 20.01.2025 20.01.2025 Livros

Powered by Koha